00453nam a2200181Ia 4500003000400000005001700004008004100021020002200062040000700084041000800091082001900099100002000118245005400138260002900192300001600221365001300237650002100250OSt20260107132300.0210719s2020 xx 000 0 und d a978-3-662-60888-3 cAL aeng a005.74068 SADH aShazia Sadiq Ed aHandbook of data qualityb: research and practice aNew YorkbSpringerc2020 axii,438bHB b2995cRs aComputer Science